Pamätná tabuľa Petrovi Kellnerovi

Bibliographic Details
Format: Article
Language:Slovak
Subjects:

MARC

LEADER 00000nab a22000001a 4500
001 vtls010314107
003 SK-MaSNL
005 20260303091306.0
008 110927d19341017xo |r|p|||| |000 b|slo
015 |a SNBRRBVU1918-1938 
038 |a SNKBUCL 
040 |a SNKBUVU  |b slo  |c SNKBUCL  |e AACR2 
041 0 |a slo 
044 |a xo  |c SK 
080 |a 730.071.1  |2 1997 
080 |a 730.027  |2 1997 
245 0 0 |a Pamätná tabuľa Petrovi Kellnerovi 
500 |a V rubrike Drobničky 
600 1 7 |a Štefunko, Fraňo,  |d 1903-1974  |2 MM  |9 114523 
600 1 7 |a Kellner-Hostinský, Peter,  |d 1823-1873  |2 MM  |9 37019 
648 7 |a 1934  |2 snkbucl  |9 281683 
650 0 7 |a slovenské sochárstvo  |2 MM  |9 3052 
650 0 7 |a pamätné tabule  |2 snkbucl  |9 29445 
650 0 7 |a slovenskí spisovatelia  |2 MM  |9 1258 
651 7 |a Gemerská Poloma (Slovensko)  |2 MM  |9 29357 
773 0 |t Slovenský ľud  |g Roč. 14, č. 42 (17.10.1934), s. 588 
852 |a SNK  |b KIS3GCP 
910 |a snkrbvumm 
958 |a VY 
999 |c 1806921  |d 1808851